| 000 | 00672 a2200205 4500 | ||
|---|---|---|---|
| 010 | _aENG-90147 | ||
| 020 |
_c350.00 _a817342102 |
||
| 035 | _aEN-73680 | ||
| 037 | _bDBAD / PUB | ||
| 082 | 1 | 4 | _a410 |
| 090 |
_c12547 _d12547 |
||
| 245 | 1 |
_aIntensive course in Sanskrit/ _cedited by O.N. Koul, K.P. Acharya [and] M.R. Ranganathan |
|
| 260 |
_aMysore _bCentral Institute of Indian Languages _c2006 |
||
| 270 |
_bMysore _e570006 |
||
| 300 |
_axxx, 550p. _c24 cm (Hb ) |
||
| 700 | 1 | _aAcharya, K.P. | |
| 700 | 1 | _aRanganatha, M.R. | |
| 942 |
_adpl _cEN _k 410 / INT |
||
| 999 |
_c12187 _d12187 |
||